000 00219nam a2200097Ia 4500
008 230331s9999 xx 000 0 und d
020 _a9781420501162
100 _aLANIER. WEDY
_9177793
245 0 _aABORTION
942 _cBK
_y561
_zJohn Tresidder
999 _c94019
_d94018